| 000 | 00928cab a2200265 4500 | ||
|---|---|---|---|
| 001 | WB3419-36 | ||
| 008 | 090401t1998 xxu||||| |||| 00| 0 eng d | ||
| 035 | _a(Sirsi) u86297 | ||
| 041 | _aeng | ||
| 245 | _aControlling nitrate from farmland | ||
| 260 | _c1998 | ||
| 350 | _a0 | ||
| 490 |
_aMAFF News Release _v(194/98) 13 May 1998 (4) |
||
| 520 | _aAn action programme to reduce the leaching of nitrate from farmland into rivers and other drinking water sources has been established in regulations laid before Parliament. The regulations will be enforced by the Environment Agency and comes into force 19 December 1998. | ||
| 650 | _aEC NITRATE DIRECTIVE | ||
| 650 | _aENVIRONMENT AGENCY | ||
| 650 | _aFARMLAND | ||
| 650 | _aGOOD AGRICULTURAL PRACTICE | ||
| 650 | _aNITRATE VULNERABLE ZONES | ||
| 650 | _aNITRATES | ||
| 650 | _aREGULATIONS | ||
| 690 | _aRURAL PRACTICE | ||
| 942 | _n0 | ||
| 948 | _c19/05/1998 | ||
| 999 |
_c54297 _d54297 |
||